DAVIDSON;S PRINCIPLES AND PRACTICE OF MEDICINE (Record no. 23748)

MARC details
000 -LEADER
fixed length control field 00482nam a22001697a 4500
003 - CONTROL NUMBER IDENTIFIER
control field SGT
020 ## - INTERNATIONAL STANDARD BOOK NUMBER
International Standard Book Number 9780702083488
082 ## - DEWEY DECIMAL CLASSIFICATION NUMBER
Classification number 616.024
Item number D23P
100 ## - MAIN ENTRY--PERSONAL NAME
Personal name PENMAN, IAN D.
245 ## - TITLE STATEMENT
Title DAVIDSON;S PRINCIPLES AND PRACTICE OF MEDICINE
250 ## - EDITION STATEMENT
Edition statement 24TH
260 ## - PUBLICATION, DISTRIBUTION, ETC. (IMPRINT)
Place of publication, distribution, etc LONDON
Name of publisher, distributor, etc ELSEVIER PUB
Year of Publication 2023
300 ## - PAGE DESCRIPTION
No. of Pages 1357
650 ## - SUBJECT ADDED ENTRY--TOPICAL TERM
Topical term or geographic name as entry element GENERAL MEDICINE
653 ## - KEYWORDS--INDEX TERM
Keyword term FUNDAMENTALS OF MEDICINE, EMERGENSY AND CRITICAL MEDICINE, CLINICAL MEDICNE, ENDOCRINOLOGY
942 ## - ADDED ENTRY ELEMENTS (KOHA)
Source of classification or shelving scheme Dewey Decimal Classification
Koha item type Books
942 ## - ADDED ENTRY ELEMENTS (KOHA)
-- 10
Holdings
Withdrawn status Lost status Source of classification or shelving scheme Damaged status Not for loan Collection code Home library Current library Shelving location Date acquired Vendor Name Cost, normal purchase price SGTU Bill Number Total Checkouts Full call number Accession No. (Barcode) Date last seen Bill Date Koha item type Date last borrowed
    Dewey Decimal Classification   Not For Loan MEDICAL SGT Medical Library SGT Medical Library Reference Book 30/01/2023 ABC DELHI 3025.00 SGTU 15633   616.024 D23P FM13551 30/01/2023 02/01/2023 Books  
    Dewey Decimal Classification     MEDICAL SGT Medical Library SGT Medical Library Reference Book 30/01/2023 ABC DELHI 3025.00 SGTU 15633 2 616.024 D23P FM13552 12/02/2025 02/01/2023 Books 08/01/2025
    Dewey Decimal Classification   Not For Loan MEDICAL SGT Medical Library SGT Medical Library Reference Book 30/01/2023 ABC DELHI 3025.00 SGTU 15633   616.024 D23P FM13553 30/01/2023 02/01/2023 Books  
    Dewey Decimal Classification     MEDICAL SGT Medical Library SGT Medical Library Reference Book 30/01/2023 ABC DELHI 3025.00 SGTU 15633 14 616.024 D23P FM13554 03/06/2026 02/01/2023 Books 15/05/2026
    Dewey Decimal Classification   Not For Loan MEDICAL SGT Medical Library SGT Medical Library Reference Book 30/01/2023 ABC DELHI 3025.00 SGTU 15633   616.024 D23P FM13555 30/01/2023 02/01/2023 Books